[Event "ROU-chT Men Superliga 2018"]
[Site "Sovata"]
[Date "2018.11.29"]
[Round "6"]
[White "Dobre, Mihai"]
[Black "Danilov, Vladimir"]
[Result "0-1"]
[WhiteElo "2104"]
[BlackElo "2386"]
[Annotator "RC"]
[PlyCount "140"]
[EventDate "2018.11.24"]
[EventType "team-tourn"]
[EventCountry "ROU"]
[SourceTitle "playchess.com"]
[Source "ChessBase"]
[SourceQuality "1"]
[TimeControl "40/5400+30:1800+30"]

1. e4 {[%emt 0:00:00]} e5 {[%emt 0:00:00]} 2. Nf3 {[%emt 0:00:00]} Nc6 {[%emt 0:00:00]} 3. Bc4 {[%emt 0:00:00]} Nf6 {[%emt 0:00:00]} 4. d3 {[%emt 0:00:07]} Bc5 {[%emt 0:00:19]} 5. c3 {[%emt 0:00:18]} a6 {[%emt 0:00:26]} 6. Bb3 {[%emt 0:00:18]} Ba7 {[%emt 0:00:21]} 7. h3 {[%emt 0:00:14]} O-O {[%emt 0:04:24]} 8. Nbd2 {[%emt 0:01:09]} d6 {[%emt 0:09:56]} 9. Nf1 {[%emt 0:05:32]} Be6 {[%emt 0:09:30]} 10. Ng3 {[%emt 0:02:20]} d5 {[%emt 0:00:06]} 11. Qe2 {[%emt 0:01:29]} dxe4 {[%emt 0:01:02]} 12. dxe4 {[%emt 0:00:02]} Bxb3 {[%emt 0:00:37]} 13. axb3 {[%emt 0:00:01]} Nd7 {[%emt 0:04:28]} 14. b4 {[%emt 0:06:26]} f6 {[%emt 0:03:20]} 15. Nh4 {[%emt 0:05:46]} Rf7 {[%emt 0:04:02]} 16. Nhf5 {[%emt 0:09:19]} Ne7 {[%emt 0:04:20]} 17. O-O {[%emt 0:03:37]} Nxf5 {[%emt 0:01:11]} 18. Nxf5 {[%emt 0:00:10]} Nf8 {[%emt 0:00:27]} 19. Rd1 {[%emt 0:16:47]} Qe8 {[%emt 0:08:00]} 20. Ra5 {[%emt 0:07:41]} Rd8 {[%emt 0:02:31]} 21. Rad5 {[%emt 0:01:42]} Rfd7 {[%emt 0:02:46]} 22. Qc4 {[%emt 0:18:10]} Ne6 {[%emt 0:05:58]} 23. g3 {[%emt 0:06:01]} c6 {[%emt 0:04:01]} 24. Rd6 {[%emt 0:01:28]} Bb8 {[%emt 0:06:58]} 25. Rxd7 Rxd7 {[%emt 0:00:18]} 26. Rxd7 {[%emt 0:02:46]} Qxd7 {[%emt 0:00:07]} 27. Be3 {[%emt 0:00:18]} g6 {[%emt 0:10:00]} 28. Nh6+ {[%emt 0:00:17]} Kg7 {[%emt 0:00:06]} 29. Kg2 {[%emt 0:03:21]} Ba7 {[%emt 0:02:28]} 30. Bxa7 {[%emt 0:01:53]} Kxh6 {[%emt 0:01:05]} 31. Be3+ {[%emt 0:00:19]} Kg7 {[%emt 0:00:20]} 32. Qe2 {[%emt 0:01:00]} Nd8 {[%emt 0:02:35]} 33. f4 {[%emt 0:02:16]} Nf7 {[%emt 0:02:19]} 34. Bc5 {[%emt 0:01:49]} h5 {[%emt 0:03:37]} 35. Be3 {[%emt 0:01:05]} exf4 {[%emt 0:03:17]} 36. gxf4 {[%emt 0:00:20]} Qe6 {[%emt 0:02:22]} 37. Bd4 {[%emt 0:00:47]} Nd6 {[%emt 0:01:19]} 38. e5 {[%emt 0:00:30]} Kf7 {[%emt 0:00:23]} 39. Qf2 {[%emt 0:02:20]} Nf5 {[%emt 0:02:49]} 40. Kh2 {[%emt 0:00:00]} Qd5 {[%emt 0:00:00]} 41. Qg2 {[%emt 0:06:42]} Qxg2+ {[%emt 0:05:21]} 42. Kxg2 {[%emt 0:00:01]} fxe5 {[%emt 0:00:09]} 43. Bxe5 {[%emt 0:03:12]} Ne3+ {[%emt 0:01:32]} 44. Kf3 {[%emt 0:00:08]} Nc4 {[%emt 0:00:24]} 45. Ke4 {[%emt 0:01:14]} Ke6 {[%emt 0:00:17]} 46. Bc7 {[%emt 0:00:49]} Nxb2 {[%emt 0:01:22]} 47. Kd4 {[%emt 0:00:23]} Nd1 {[%emt 0:00:47]} 48. Bd8 {[%emt 0:05:48]} Nf2 {[%emt 0:05:14]} 49. h4 {[%emt 0:00:07]} Ng4 {[%emt 0:01:31]} 50. Kc5 {[%emt 0:00:33]} Kd7 {[%emt 0:01:04]} 51. Bg5 {[%emt 0:00:34]} Kc7 {[%emt 0:01:49]} 52. Kd4 {[%emt 0:02:05]} Kd6 {[%emt 0:00:27]} 53. Ke4 {[%emt 0:00:18]} Ke6 {[%emt 0:00:25]} 54. Bd8 {[%emt 0:00:12]} Nf6+ {[%emt 0:01:38]} 55. Kd4 {[%emt 0:01:40]} Nd5 {[%emt 0:01:01]} 56. c4 {[%emt 0:01:59]} Nxb4 {[%emt 0:00:44]} 57. Kc5 {[%emt 0:02:01]} Nd3+ {[%emt 0:03:04]} 58. Kb6 {[%emt 0:00:07]} Kd7 {[%emt 0:00:08]} 59. Bf6 {[%emt 0:00:40]} Kc8 {[%emt 0:01:15]} 60. Be5 {[%emt 0:00:57]} Ne1 {[%emt 0:08:48]} 61. Kc5 {[%emt 0:00:26]} Kd7 {[%emt 0:00:24]} 62. Kb6 {[%emt 0:00:01]} Ng2 {[%emt 0:00:11]} 63. Bf6 {[%emt 0:00:35]} Kc8 {[%emt 0:00:19]} 64. Kc5 {[%emt 0:00:19]} a5 {[%emt 0:01:00]} 65. Kd6 {[%emt 0:00:18]} Nxf4 {[%emt 0:00:43]} 66. c5 {[%emt 0:00:08]} a4 {[%emt 0:00:13]} 67. Be5 {[%emt 0:01:23]} Ng2 {[%emt 0:00:09]} 68. Bf6 {[%emt 0:00:43]} a3 {[%emt 0:00:07]} 69. Ke6 {[%emt 0:00:10]} a2 {[%emt 0:00:14]} 70. Kf7 {[%emt 0:00:49]} Nxh4 {[%emt 0:00:06]} 0-1

[Event "ROU-chT Men Superliga 2018"]
[Site "Sovata"]
[Date "2018.11.29"]
[Round "6"]
[White "Casangiu, Paul-Horatiu"]
[Black "Dicu, Razvan-Stefan"]
[Result "0-1"]
[WhiteElo "2027"]
[BlackElo "2274"]
[Annotator "NA RC"]
[PlyCount "94"]
[EventDate "2018.11.24"]
[EventType "team-tourn"]
[EventCountry "ROU"]
[SourceTitle "playchess.com"]
[Source "ChessBase"]
[SourceQuality "1"]
[TimeControl "40/5400+30:1800+30"]

{[%evp 14,88,68,44,53,29,33,32767,-6,-37,10,-9,-5,32767,32767,-29,-34,-31,32767,32767,-67,32767,32767,-89,32767,-39,0,32767,0,32767,32767,32767,32767,32767,32767,32767,-64,32767,32767,32767,-447,-454,32767,32767,32767,-522,-500,-436,32767,32767,32767,32767,-186,-207,-220,-220,32767,-228,32767,-339,32767,-379,-381,-424,32767,32767,32767,32767,32767,-386,-465,-482,32767,-525,-243,-527,-595]} 1. c4 {[%emt 0:00:20]} c6 {[%emt 0:00:00]} 2. d4 {[%emt 0:01:13]} d5 {[%emt 0:00:19]} 3. e3 {[%emt 0:02:41]} Nf6 {[%emt 0:01:11]} 4. Nc3 {[%emt 0:01:17]} a6 {[%emt 0:01:35]} 5. Bd3 {[%emt 0:02:07]} b5 {[%emt 0:02:28]} 6. b3 {[%emt 0:04:20]} Bg4 {[%emt 0:04:56] D10: Slav Defence: 3 cxd5 (without early Nf3) and 3 Nc3} 7. f3 {[%emt 0:01:27]} Bh5 {[%emt 0:00:47]} 8. Nge2 {[%emt 0:01:04]} Bg6 {[%emt 0:02:19]} 9. O-O {[%emt 0:01:06]} e6 {[%emt 0:00:35] LiveBook: 8 Games} 10. a4 $146 {[%emt 0:02:51]} ({Predecessor:} 10. c5 Nbd7 11. Nf4 e5 12. Nxg6 hxg6 13. Qe1 Be7 14. f4 e4 15. Be2 {1-0 (35) Nikolaidis,I (2548)-Velicka,P (2425) Aghios Kirykos 2018}) 10... b4 {[%emt 0:01:05]} 11. Nb1 {[%emt 0:01:39]} Nbd7 {[%emt 0:01:22]} 12. Bb2 {[%emt 0:05:22]} Bd6 {[%emt 0:04:46]} 13. cxd5 {[%emt 0:16:55]} cxd5 {[%emt 0:03:31]} 14. Nf4 {[%emt 0:09:48]} Qc7 {[%emt 0:03:54]} 15. g3 {[%emt 0:00:48]} Bxd3 {[%emt 0:17:24]} 16. Qxd3 {[%emt 0:00:33]} h5 {[%emt 0:00:28]} 17. Rc1 {[%emt 0:07:52]} Qb8 {[%emt 0:00:14]} 18. h4 {[%emt 0:01:02]} Ke7 {[%emt 0:05:11]} 19. Kf2 {[%emt 0:09:42]} Qg8 {[%emt 0:05:32]} 20. Nh3 $1 {[%emt 0:03:18]} Qb8 {[%emt 0:08:26]} 21. Nf4 {[%emt 0:03:56]} Rg8 {[%emt 0:03:11]} 22. Nd2 {[%emt 0:04:46]} g5 {[%emt 0:00:20]} 23. hxg5 {[%emt 0:00:24]} Rxg5 {[%emt 0:00:11]} 24. Rg1 {[%emt 0:01:35]} h4 $1 {[%emt 0:01:58]} 25. gxh4 {[%emt 0:06:23]} Rxg1 {[%emt 0:00:18]} 26. Nxd5+ {[%emt 0:00:10]} Nxd5 {[%emt 0:01:04]} ({Resist} 26... exd5 27. Rxg1 Qh8 28. Rh1 $19) 27. Rxg1 {[%emt 0:00:02]} Qh8 {[%emt 0:00:30]} 28. Rh1 {[%emt 0:01:40]} Qg7 {[%emt 0:00:31]} 29. Ne4 {[%emt 0:00:38]} Rg8 {[%emt 0:01:01]} 30. Qf1 {[%emt 0:01:26]} Bg3+ {[%emt 0:08:35]} 31. Ke2 {[%emt 0:01:41]} Bb8 {[%emt 0:00:06]} 32. Kd3 {[%emt 0:01:53]} Qg2 $2 {[%emt 0:08:04]} (32... N7f6 33. Kd2 Qg6 34. Nxf6 Qxf6) 33. Qxg2 {[%emt 0:01:01]} Rxg2 {[%emt 0:00:07]} 34. Bc1 {[%emt 0:00:28]} f5 {[%emt 0:00:53]} 35. Ng5 {[%emt 0:00:44]} e5 {[%emt 0:06:14]} 36. Bd2 {[%emt 0:02:09]} exd4 {[%emt 0:00:44]} 37. exd4 {[%emt 0:00:40]} Bg3 {[%emt 0:01:41]} 38. a5 {[%emt 0:01:00]} N7f6 {[%emt 0:00:53]} 39. Be1 {[%emt 0:00:40]} Bc7 {[%emt 0:00:18]} 40. Bd2 {[%emt 0:00:00]} Kd7 {[%emt 0:00:00]} 41. Rd1 {[%emt 0:02:59]} Rh2 {[%emt 0:03:27]} 42. Kc4 {[%emt 0:00:22]} Bf4 {[%emt 0:02:08]} 43. Bxf4 {[%emt 0:04:43]} Rc2+ {[%emt 0:00:17]} 44. Kd3 {[%emt 0:00:11]} Rc3+ $19 {[%emt 0:00:07] Double Attack} 45. Kd2 {[%emt 0:00:14]} Nxf4 {[%emt 0:00:04]} 46. Nf7 {[%emt 0:01:09]} Ke6 {[%emt 0:01:21]} 47. Ne5 {[%emt 0:00:38] Kxe5} Kd5 {[%emt 0:01:17]} 0-1

[Event "ROU-chT Men Superliga 2018"]
[Site "Sovata"]
[Date "2018.11.30"]
[Round "7"]
[White "Kuzubov, Yuriy"]
[Black "Lupulescu, Constantin"]
[Result "1/2-1/2"]
[WhiteElo "2660"]
[BlackElo "2601"]
[Annotator "TA"]
[PlyCount "37"]
[EventDate "2018.11.24"]
[EventType "team-tourn"]
[EventCountry "ROU"]
[SourceTitle "playchess.com"]
[Source "ChessBase"]
[SourceQuality "1"]

{[%evp 15,37,30,22,0,0,0,-2,0,27,0,0,0,0,0,14,14,20,15,22,22,22,19,27,20]} 1. d4 Nf6 2. c4 e6 3. Nf3 d5 4. Nc3 Bb4 5. Qa4+ Nc6 6. e3 O-O 7. Qc2 {D38: Queen's Gambit Declined: Ragozin Defence (4 Nf3 Bb4)} (7. Bd2 dxc4 8. Bxc4 Bd6 9. e4 e5 10. dxe5 Nxe5 11. Nxe5 Bxe5 12. O-O-O Qe8 13. Qxe8 Rxe8 14. f3 Be6 15. Bxe6 Rxe6 {½-½ (67) Navara,D (2727)-Harikrishna,P (2732) Prague 2018}) 7... dxc4 8. Bxc4 Bd6 {LiveBook: 29 Games} 9. Nb5 {The position is equal.} a6 $146 ({Predecessor:} 9... e5 10. Nxd6 Qxd6 11. dxe5 Nxe5 12. Nxe5 Qxe5 13. Bd2 Ne4 14. Bc3 Nxc3 15. Qxc3 Qxc3+ 16. bxc3 {½-½ (45) Didriksson,M (2048)-Adler,B (2205) Sweden 2001}) 10. Nxd6 cxd6 11. O-O b5 12. Be2 (12. Bxb5 $5 Nxd4 13. Nxd4 axb5 14. Bd2 $11) 12... Bb7 13. Bd2 Rc8 14. Qb1 e5 15. dxe5 dxe5 16. Rd1 Qe7 17. Be1 Rfd8 18. Rxd8+ Rxd8 19. Nd2 1/2-1/2

[Event "ROU-chT Men Superliga 2018"]
[Site "Sovata"]
[Date "2018.11.30"]
[Round "7"]
[White "Erdos, Viktor"]
[Black "Miron, Lucian-Costin"]
[Result "1-0"]
[WhiteElo "2604"]
[BlackElo "2465"]
[Annotator "TA"]
[PlyCount "45"]
[EventDate "2018.11.24"]
[EventType "team-tourn"]
[EventCountry "ROU"]
[SourceTitle "playchess.com"]
[Source "ChessBase"]
[SourceQuality "1"]

{[%evp 22,45,47,44,38,35,36,35,216,199,226,223,236,204,388,360,585,562,1122,1105,1085,1081,1151,1144,29978,2066]} 1. Nf3 d5 2. d4 Nf6 3. c4 c6 4. e3 Bf5 5. Nc3 e6 6. Nh4 Be4 7. f3 Bg6 8. Qb3 Qc7 9. Bd2 {D12: Slav Defence: 3 Nf3 Nf6 4 e3 Bf5} Be7 10. g3 (10. O-O-O dxc4 11. Bxc4 a6 12. Be2 Nbd7 13. Nxg6 hxg6 14. Kb1 c5 15. d5 exd5 16. Nxd5 Nxd5 17. Qxd5 {0-1 (31) Karjakin,S (2773)-Caruana,F (2822) Saint Louis 2018}) 10... Bh5 11. O-O-O g5 12. g4 {LiveBook: 5 Games} Bxg4 13. fxg4 {[%cal Bf3g4,Bg4g5][%mdl 32] [#] Nf3 is the strong threat.} gxh4 14. g5 Nh5 $146 (14... Ne4 $14) ({Predecessor:} 14... Ne4 15. Nxe4 dxe4 16. Bg2 Bxg5 17. Bxe4 {0-1 (30) Gonda,L (2548)-Kargin,A (2400) Budapest 2011}) 15. cxd5 $18 cxd5 {[#]} 16. e4 $1 ({Not} 16. Be2 Ng7 $14) 16... dxe4 17. d5 Nf4 $2 (17... Ng7 18. Kb1 O-O) 18. Bb5+ Kf8 $2 (18... Nc6 {was called for.} 19. dxc6 bxc6) 19. Rhf1 Nxd5 20. Kb1 $1 {[%csl LRd5,LRe4]} Nc6 21. Nxd5 exd5 22. Qxd5 {[%csl Gf1][%cal Rd5f7]} Nd8 23. Bc4 {Accuracy: White = 90%, Black = 19%.} (23. Qd4 $142 Kg8 24. Bc3 Qxc3 25. bxc3 Nc6 26. Qxe4 {[%mdl 64] Double Attack} Re8 27. Rd7 Nd8 28. Rxe7) 1-0

[Event "ROU-chT Men Superliga 2018"]
[Site "Sovata"]
[Date "2018.11.30"]
[Round "7"]
[White "Deac, Bogdan-Daniel"]
[Black "Vedmediuc, Serghei"]
[Result "1/2-1/2"]
[WhiteElo "2598"]
[BlackElo "2472"]
[Annotator "TA"]
[PlyCount "112"]
[EventDate "2018.11.24"]
[EventType "team-tourn"]
[EventCountry "ROU"]
[SourceTitle "playchess.com"]
[Source "ChessBase"]
[SourceQuality "1"]

{[%evp 20,112,27,37,133,138,145,51,112,90,85,102,140,147,188,164,175,185,183,182,173,123,192,68,78,0,50,15,30,0,0,0,-14,-64,26,0,69,57,139,151,178,186,186,183,297,0,0,0,0,0,0,0,0,0,0,0,0,0,0,0,0,0,0,0,0,0,0,0,0,0,0,0,0,0,0,0,0,0,0,0,0,0,0,0,0,0,0,0,0,0,0,0,0,0,0]} 1. e4 c5 2. Nf3 Nc6 3. d4 cxd4 4. Nxd4 e5 5. Nb5 d6 6. N1c3 a6 7. Na3 Be6 8. Nc4 Rb8 {B32: Sicilian: Löwenthal and Kalashnikov Variations} 9. Nd5 Nf6 10. Bg5 Bxd5 11. exd5 {LiveBook: 5 Games} Nd4 $146 (11... Ne7 $14) ({Predecessor:} 11... Ne7 12. Bxf6 gxf6 13. a4 f5 14. a5 Bg7 15. g4 f4 16. Bg2 Rc8 {1-0 (35) Kryvoruchko,Y (2693)-Iturrizaga Bonelli,E (2650) Monzon 2016}) 12. c3 $16 Nf5 13. g4 ({Better is} 13. Bd3 $16 Ne7 14. Bxf6 gxf6 15. Qf3) 13... Nh6 (13... Ne7 $14) 14. Rg1 Nhg8 15. a4 {[%cal Ba2a4,Ba4a5][%mdl 32]} Be7 16. Be3 Nd7 17. a5 h6 18. h4 Bxh4 19. Nxd6+ Kf8 20. Qa4 Bg5 {[#]} (20... Be7 $16) 21. Bxg5 (21. Ba7 $1 $18) 21... hxg5 $14 22. Nf5 (22. Ne4 $16) 22... g6 23. Qb4+ (23. Qa3+ {looks sharper.} Ne7 24. Nd6 Nf6 25. O-O-O Kg7 26. Nc4) 23... Ne7 24. Nxe7 (24. Ng3 {keeps more tension.} b6 25. axb6 Qxb6 26. Qxb6 Rxb6 27. Ne4) 24... Qxe7 25. Qxe7+ Kxe7 26. b4 Rhc8 ({Black should try} 26... e4 $1 $15) 27. Rg3 Nf6 ({Black should play} 27... e4 $11) 28. c4 $1 b6 (28... e4 $14) 29. Rb3 $16 b5 30. cxb5 axb5 31. a6 Rc7 {[#]} (31... Rb6 {was worth a try.} 32. a7 Ra8) 32. Re3 $2 (32. d6+ $1 $18 {[%mdl 512]} Kxd6 33. a7) 32... Ra7 $1 $11 {The position is equal.} 33. Rxe5+ Kd6 34. Re2 Rb6 35. Rea2 Ne8 36. Kd2 Nc7 37. Kc3 Raxa6 38. Rxa6 Nxa6 39. Bxb5 {[%mdl 4096] Endgame KRB-KRN} Nc7 40. Bc4 Nxd5+ 41. Bxd5 Kxd5 {KR-KR} 42. f3 Ke5 43. Ra3 f5 44. Kc4 fxg4 45. fxg4 Kf4 46. b5 Kxg4 47. Ra6 Rb8 48. Rxg6 Kf5 49. Rg7 g4 {[%cal Bg5g4,Bg4g3][%mdl 32]} 50. Kc5 Kf4 51. b6 g3 52. Kc6 Kf3 53. Kc7 Rxb6 54. Kxb6 g2 55. Kc5 Kf2 56. Rxg2+ Kxg2 {Accuracy: White = 50%, Black = 50%.} 1/2-1/2

[Event "ROU-chT Men Superliga 2018"]
[Site "Sovata"]
[Date "2018.11.30"]
[Round "7"]
[White "Iordachescu, Viorel"]
[Black "Ardelean, George-Catalin"]
[Result "1/2-1/2"]
[WhiteElo "2597"]
[BlackElo "2494"]
[Annotator "TA"]
[PlyCount "80"]
[EventDate "2018.11.24"]
[EventType "team-tourn"]
[EventCountry "ROU"]
[SourceTitle "playchess.com"]
[Source "ChessBase"]
[SourceQuality "1"]

{[%evp 15,80,37,41,39,39,27,46,14,19,25,53,66,72,63,60,45,66,65,78,38,29,36,39,39,29,33,22,32,30,22,39,19,52,2,16,0,63,6,3,-49,81,79,80,84,77,76,79,74,36,0,0,0,0,0,8,8,18,8,8,8,8,0,0,0,0,0,0]} 1. d4 d5 2. c4 e6 3. Nc3 a6 4. cxd5 exd5 5. Qb3 c6 6. e4 {D31: Queen's Gambit Declined: Semi-Slav without ...Nf6 (+ Marshall Gambit and Noteboom) and Exchange Variation lines without ...Nf6} dxe4 7. Bc4 Qe7 8. a4 Nf6 {LiveBook: 3 Games} 9. Nge2 {[%mdl 1024] White has compensation.} g6 10. O-O Bg7 $1 11. Bg5 $146 {Hoping for Nxe4!} ({Predecessor:} 11. Ng3 O-O 12. Re1 b5 13. axb5 cxb5 14. Bxb5 Qb7 15. Ba4 Qxb3 16. Bxb3 Nc6 17. Rd1 Bg4 18. Nge2 {½-½ (18) Svidler,P (2751)-Erdos,V (2628) Tbilisi 2017}) 11... O-O 12. Rfe1 b5 13. axb5 cxb5 14. Bxb5 Qb7 {[%mdl 64] [#] Pin} 15. Qa3 Be6 16. Nf4 Bf5 17. Qd6 (17. h3 {seems wilder.} Nbd7 18. Bc4 h6 19. Bxf6 Nxf6 20. Ncd5) 17... axb5 18. Rxa8 Qxa8 19. Bxf6 {[#] Ncd5 is the strong threat.} Qc6 20. Qxc6 Nxc6 21. Bxg7 Kxg7 22. d5 {[%cal Bd4d5,Bd5d6,Bd6d7][%mdl 32]} Nd4 23. Rd1 Nc2 24. h4 Kf6 25. d6 b4 (25... Nb4 $11) 26. Ncd5+ (26. Nfd5+ $14 Ke5 27. Na4) 26... Ke5 $11 27. g3 (27. Ne2 $11) 27... Be6 (27... Bg4 $1 $15 {stays ahead.} 28. Rc1 b3) 28. Nxe6 $16 Kxe6 {[%mdl 4096] Endgame KRN-KRN} 29. Nb6 Rd8 30. d7 f5 31. Kf1 b3 32. Rd5 Nb4 {The position is equal.} 33. Rb5 Nd3 34. Rxb3 Kd6 35. Rc3 Nxb2 36. f3 Nd3 37. Rc8 Ke7 38. fxe4 fxe4 39. Rc4 Ne5 40. Rxe4 Kd6 {Accuracy: White = 52%, Black = 60%.} 1/2-1/2

[Event "ROU-chT Men Superliga 2018"]
[Site "Sovata"]
[Date "2018.11.30"]
[Round "7"]
[White "Istratescu, Andrei"]
[Black "Baklan, Vladimir"]
[Result "0-1"]
[WhiteElo "2565"]
[BlackElo "2605"]
[Annotator "TA"]
[PlyCount "130"]
[EventDate "2018.11.24"]
[EventType "team-tourn"]
[EventCountry "ROU"]
[SourceTitle "playchess.com"]
[Source "ChessBase"]
[SourceQuality "1"]

{[%evp 18,130,0,-6,6,-13,4,-14,-14,-10,0,0,0,0,0,-3,0,-4,0,0,18,10,11,0,49,49,56,50,51,45,50,45,52,43,50,33,32,32,38,33,30,31,25,27,22,0,0,0,7,0,0,0,14,14,15,5,19,14,20,8,6,7,6,0,5,0,0,0,0,0,0,0,0,0,0,0,0,0,0,-16,-16,-16,-16,-18,-16,-16,-16,-16,-16,-21,-8,-95,-8,-8,-8,-8,-8,-8,-8,-43,-30,-91,-98,-98,-98,-1122,-931,-212,-183,-588,-588,-2406,-1326,-1158,-1048]} 1. e4 e6 2. d4 d5 3. Nc3 Nf6 4. e5 Nfd7 5. f4 c5 6. Nf3 Be7 {C11: French: Classical System: 4 e5 and 4 Bg5 dxe4} (6... Nc6 7. Be3 a6 8. Qd2 b5 9. a3 Rb8 10. dxc5 Bxc5 11. Bxc5 Nxc5 12. b4 Nd7 13. Bd3 Qb6 14. Ne2 f6 15. exf6 Nxf6 16. Ned4 Nxd4 17. Nxd4 {½-½ (31) Grischuk,A (2769)-Short,N (2652) Douglas 2018}) 7. Be3 O-O 8. Qd2 b6 9. g3 Nc6 10. h4 {LiveBook: 6 Games} Rb8 $146 ({Predecessor:} 10... f5 11. exf6 Nxf6 12. O-O-O Qe8 13. Bb5 Bd7 14. Qg2 {1-0 (40) Ismagambetov,A (2519)-Lou,Y (2488) Al Ain 2014}) 11. a3 Bb7 12. Bh3 Ba6 13. Kf2 Qc7 14. Rhe1 cxd4 15. Nxd4 Nxd4 16. Bxd4 Bc5 17. Rad1 Rfd8 18. Qe3 Nf8 19. Rd2 Rbc8 20. f5 (20. Bg4 {with more complications.} Bxd4 21. Rxd4 Qe7 22. Kg2 Nd7 23. Be2) 20... exf5 21. Bxf5 {And now Bxc5 would win.} Ne6 22. Bxc5 Qxc5 23. Qxc5 Rxc5 24. Red1 {[%cal Rd2d5]} Nc7 25. Ne4 Rc6 26. Ng5 g6 27. Bh3 f6 28. Nf3 fxe5 29. Nxe5 Rf6+ 30. Kg1 Re8 31. Ng4 Rff8 32. Bf1 Bc8 33. Nf2 Re3 34. Rd3 Rff3 (34... Re7 {is more complex.} 35. R3d2 Rf3 36. Rd3 Rf8) 35. Rxe3 Rxe3 36. Rd3 Re7 37. Rd2 Re1 38. Nd3 Rb1 39. Kf2 Bf5 40. c3 Ne6 41. Nb4 Nc5 42. Bg2 Kg7 43. Bxd5 a5 44. Nc6 Be4 45. Ke3 Bxd5 46. Rxd5 Rxb2 47. Nxa5 $11 {[%mdl 4096] Endgame KRN-KRN} Rg2 48. Nc4 Rxg3+ 49. Ke2 Na4 50. Rd7+ Kh6 51. Ne3 $1 {aiming for Kf2.} Nxc3+ 52. Kf2 Ne4+ 53. Ke2 Rh3 54. Ng4+ $1 Kh5 55. Nf2 Nxf2 56. Rxh7+ Kg4 57. Kxf2 Rxh4 {KR-KR} 58. Rb7 Rh2+ 59. Kf1 (59. Ke3 $1 $11 {keeps the balance.}) 59... Rb2 $1 $17 60. a4 {[#]} Rb4 $1 61. Ra7 $2 {[%mdl 8192] [#]} (61. Ke2 $17) 61... Kf3 $1 $19 {[%cal Rb4b1]} 62. Rf7+ Rf4 63. Ra7 $2 (63. Rc7 {was the crucial defense.}) 63... Kg3+ {Black is clearly winning.} 64. Ke2 g5 {[%cal Bg6g5,Bg5g4][%mdl 32]} 65. Ra6 g4 {Accuracy: White = 48%, Black = 79%.} 0-1

[Event "ROU-chT Men Superliga 2018"]
[Site "Sovata"]
[Date "2018.11.30"]
[Round "7"]
[White "Tarlev, Konstantin"]
[Black "Macovei, Andrei"]
[Result "1/2-1/2"]
[WhiteElo "2557"]
[BlackElo "2369"]
[Annotator "TA"]
[PlyCount "46"]
[EventDate "2018.11.24"]
[EventType "team-tourn"]
[EventCountry "ROU"]
[SourceTitle "playchess.com"]
[Source "ChessBase"]
[SourceQuality "1"]

{[%evp 21,46,42,29,-28,-25,-20,-18,-20,-27,-44,-19,-47,-43,-45,-53,-32,0,0,3,0,8,8,23,0,1,1,20]} 1. c4 Nf6 2. g3 g6 3. Bg2 Bg7 4. Nc3 O-O 5. d4 d6 6. Nf3 Nbd7 7. O-O e5 8. e4 exd4 9. Nxd4 Re8 10. Bf4 {E68: King's Indian: Fianchetto: 6...Nbd7 7 0-0 e5 8 e4} a6 11. h3 Rb8 {LiveBook: 15 Games} 12. b4 $146 ({White should play} 12. Rc1) ({Predecessor:} 12. Rc1 Ne5 13. b3 c5 14. Nf3 Nfd7 15. Qxd6 Nxf3+ 16. Bxf3 g5 17. Be3 Ne5 18. Qxd8 Nxf3+ {0-1 (37) Gledura,B (2626)-Mihok,O (2550) Ajka 2018}) 12... Ne5 $11 13. Qb3 Bd7 14. Rad1 Qc8 15. h4 c5 16. Bxe5 dxe5 17. Nc2 {[%cal Bd4c2,Bc2b4,Bb4d3][%mdl 32]} cxb4 18. Nxb4 Bg4 19. Rb1 Nd7 20. Ncd5 Qc5 21. Bf3 Bh3 22. Bg2 Be6 23. Nd3 Qd4 {Accuracy: White = 55%, Black = 44%.} 1/2-1/2

[Event "ROU-chT Men Superliga 2018"]
[Site "Sovata"]
[Date "2018.11.30"]
[Round "7"]
[White "Aczel, Gergely"]
[Black "Marin, Mihail"]
[Result "1-0"]
[WhiteElo "2549"]
[BlackElo "2555"]
[Annotator "TA"]
[PlyCount "77"]
[EventDate "2018.11.24"]
[EventType "team-tourn"]
[EventCountry "ROU"]
[SourceTitle "playchess.com"]
[Source "ChessBase"]
[SourceQuality "1"]

{[%evp 22,77,24,30,76,81,87,99,104,106,102,45,73,76,102,76,76,70,87,95,91,87,111,116,156,126,152,164,144,145,144,0,135,0,142,130,145,133,227,166,228,240,305,314,317,306,288,279,504,492,475,395,379,368,712,614,29995,29996]} 1. d4 e6 2. c4 Nf6 3. Nc3 Bb4 4. Qc2 c5 5. dxc5 O-O 6. a3 Bxc5 7. Nf3 b6 8. Bf4 Bb7 9. Rd1 Nc6 10. b4 {[%cal Bb2b4,Bb4b5][%mdl 32] E39: Nimzo-Indian: Classical: 4...c5 5 dxc5 0-0} Be7 11. e4 {[%cal Be2e4,Be4e5][%mdl 32]} Rc8 12. Be2 {LiveBook: 3 Games. White has an edge.} a5 13. b5 {[#]} Nb8 $146 ({Predecessor:} 13... Na7 14. O-O Bxa3 15. Ng5 h6 16. e5 hxg5 17. Bxg5 Be7 18. exf6 Bxf6 19. Bxf6 Qxf6 20. Rxd7 Nxb5 21. Nxb5 {½-½ (29) Lautier,J (2675)-Sokolov,A (2589) Besancon 2006}) 14. e5 Nh5 15. Be3 f6 16. Ne4 ({White should play} 16. Na4 $16) 16... Bxe4 17. Qxe4 fxe5 18. Qxe5 Nf6 19. Qb2 $36 {[%mdl 2048] White has some pressure.} Bc5 20. Bxc5 Rxc5 21. O-O Qe7 22. Rfe1 Ne8 23. Bf1 Nd6 24. Qd4 Nf5 25. Qe4 Nd6 26. Qd4 Nf5 27. Qe4 Nd6 {[#]} 28. Qg4 $1 Nf7 29. Re3 {[%cal Be1e3,Be3h3,Bh3h5,Bh5h6,Bh6h8][%mdl 32]} e5 (29... Qf6 $16 {was worth a try.} 30. Bd3 g6) 30. Nd2 Rcc8 (30... Nh6 $142 31. Qh3 Rcc8) 31. Bd3 $18 d6 32. Rh3 Ng5 33. Rh5 h6 34. h4 Ne6 $2 (34... Nh7 35. Qg6 Nf6 36. Rxh6 Nbd7) 35. Rxh6 {Intending Rh8+! and mate.} Nf4 36. Be4 Nd7 37. g3 {[%mdl 64] Trapped Piece} Ne2+ $2 (37... Nf6 38. Rxf6 Qxf6 39. gxf4 Qxf4) 38. Kf1 {Threatening mate with Rh8+!} ({Weaker is} 38. Qxe2 gxh6 39. Qh5 Qg7 $11) 38... Nc3 {[#] intending ...Nf6.} 39. Rh8+ $1 {[%mdl 512] Accuracy: White = 66%, Black = 34%.} 1-0